Detalles MARC
| 000 -CABECERA |
| Longitud fija campo de control |
01929nam a2200457 c 4500 |
| 001 - NÚMERO DE CONTROL |
| Número de control |
51680 |
| 003 - IDENTIFICADOR DE NÚMERO DE CONTROL |
| Identificador del número de control |
ES-MaCES |
| 005 - FECHA Y HORA DE LA ÚLTIMA TRANSACCIÓN |
| Fecha y hora de la última transacción |
20210119143812.0 |
| 008 - CAMPO FIJO DE DESCRIPCIÓN FIJA--INFORMACIÓN GENERAL |
| Códigos de información de longitud fija |
210119s2019 sp 100 ||spa d |
| 017 ## - NÚMERO DE REGISTRO DE DERECHOS DE AUTOR Y DEPÓSITO LEGAL |
| Número de copyright o de depósito legal |
CS 1147-2019 |
| Agencia que asigna el número |
DL |
| 020 ## - ISBN (INTERNATIONAL STANDARD BOOK NUMBER) |
| Número Internacional Normalizado para Libros (ISBN) |
9788417900304 |
| 020 ## - ISBN (INTERNATIONAL STANDARD BOOK NUMBER) |
| Número Internacional Normalizado para Libros (ISBN) |
9788417900311 (pdf) |
| 040 ## - FUENTE DE CATALOGACIÓN |
| Centro catalogador de origen |
ES-MaCES |
| Lengua de catalogación |
spa |
| Centro transcriptor |
ES-MaCES |
| 041 0# - CÓDIGO DE IDIOMA |
| Código de lengua del texto;banda sonora o título independiente |
spa |
| 041 0# - CÓDIGO DE IDIOMA |
| Código de lengua del texto;banda sonora o título independiente |
eng |
| 041 0# - CÓDIGO DE IDIOMA |
| Código de lengua del texto;banda sonora o título independiente |
ita |
| 111 ## - ENCABEZAMIENTO PRINCIPAL--NOMBRE DE REUNIÓN |
| 9 (RLIN) |
39844 |
| Nombre de congreso o jurisdicción como elemento de entrada |
Conferencia Hispano-Polaca sobre Tradición Jurídica Europea |
| Número del congreso o número de parte o sección de la obra |
9ª |
| Fecha del congreso |
2018 |
| Sede del congreso |
Castellón |
| 245 10 - MENCIÓN DE TÍTULO |
| Título |
Administración, Estado del Bienestar y políticas socioeconómicas |
| Resto del título |
: raíces romanísticas e instituciones de la actualidad |
| Mención de responsabilidad, etc. |
[Ponencias presentadas a la "IX Conferencia Hispano-Polaca sobre Tradición Jurídica Europea, organizada en Castellón, 2019 bajo el tít. "Administración, Estado del Bienestar y políticas socioeconómicas" ] ; Carmen Lázaro Guillamón ... [et al.] (eds.). |
| 260 ## - PUBLICACIÓN, DISTRIBUCIÓN, ETC (PIE DE IMPRENTA) |
| Lugar de publicación, distribución, etc. |
Castelló de la Plana |
| Nombre del editor, distribuidor, etc. |
Publicacions de la Universitat Jaume I, Servei de Comunicació i Publicacions |
| Fecha de publicación, distribución, etc. |
[2019] |
| 300 ## - DESCRIPCIÓN FÍSICA |
| Extensión |
308 p. |
| Dimensiones |
21 cm |
| 490 1# - MENCIÓN DE SERIE |
| Mención de serie |
Estudis jurídics |
| Designación de volumen o secuencia |
25 |
| 500 ## - NOTA GENERAL |
| Nota general |
Textos en castellano, inglés e italiano |
| 504 ## - NOTA DE BIBLIOGRAFÍA, ETC. |
| Nota de bibliografía, etc. |
Bibliografía y resumen por capt. |
| 541 ## - NOTA DE LA FUENTE INMEDIANTE DE ADQUISICIÓN |
| Forma de adquisición |
Compra |
| 650 #4 - ASIENTO SECUNDARIO DE MATERIA--TÉRMINO DE MATERIA |
| Término de materia o nombre geográfico como elemento inicial |
administración pública |
| 9 (RLIN) |
27214 |
| 650 #4 - ASIENTO SECUNDARIO DE MATERIA--TÉRMINO DE MATERIA |
| Término de materia o nombre geográfico como elemento inicial |
Estado-Benefactor |
| 9 (RLIN) |
29481 |
| 650 #4 - ASIENTO SECUNDARIO DE MATERIA--TÉRMINO DE MATERIA |
| Término de materia o nombre geográfico como elemento inicial |
política social |
| 9 (RLIN) |
27029 |
| 650 #4 - ASIENTO SECUNDARIO DE MATERIA--TÉRMINO DE MATERIA |
| Término de materia o nombre geográfico como elemento inicial |
economía del bienestar |
| 9 (RLIN) |
29849 |
| 650 #4 - ASIENTO SECUNDARIO DE MATERIA--TÉRMINO DE MATERIA |
| Término de materia o nombre geográfico como elemento inicial |
política gubernamental |
| 9 (RLIN) |
27211 |
| 650 #4 - ASIENTO SECUNDARIO DE MATERIA--TÉRMINO DE MATERIA |
| Término de materia o nombre geográfico como elemento inicial |
intervención estatal |
| 9 (RLIN) |
29380 |
| 650 #4 - ASIENTO SECUNDARIO DE MATERIA--TÉRMINO DE MATERIA |
| Término de materia o nombre geográfico como elemento inicial |
aspecto jurídico |
| 9 (RLIN) |
27152 |
| 650 #4 - ASIENTO SECUNDARIO DE MATERIA--TÉRMINO DE MATERIA |
| Término de materia o nombre geográfico como elemento inicial |
estudio de casos |
| 9 (RLIN) |
28846 |
| 650 #4 - ASIENTO SECUNDARIO DE MATERIA--TÉRMINO DE MATERIA |
| Término de materia o nombre geográfico como elemento inicial |
investigación interdisciplinaria |
| 9 (RLIN) |
28841 |
| 650 #4 - ASIENTO SECUNDARIO DE MATERIA--TÉRMINO DE MATERIA |
| Término de materia o nombre geográfico como elemento inicial |
conferencia |
| 9 (RLIN) |
27013 |
| 653 10 - TÉRMINO DE INDEXACIÓN--NO CONTROLADO |
| Término no controlado |
Seguridad Social |
| 700 1# - ENCABEZAMIENTO SECUNDARIO--NOMBRE PERSONAL |
| 9 (RLIN) |
39206 |
| Nombre de persona |
Lázaro Guillamón, Carmen |
| Término indicativo de función |
ed. lit. |
| 710 2# - ENCABEZAMIENTO SECUNDARIO--NOMBRE CORPORATIVO |
| 9 (RLIN) |
5406 |
| Nombre de entidad o nombre de jurisdicción como elemento inicial |
Universitat Jaume I |
| Término indicativo de función |
ed. |
| 830 #0 - ENCABEZAMIENTO SECUNDARIO DE COLECCIÓN--TÍTULO UNIFORME |
| 9 (RLIN) |
39843 |
| Título uniforme |
Estudis jurídics (Universitat Jaume I) |
| Designación de volumen o secuencia |
25 |
| 902 ## - CES. TIPO DE DOCUMENTO |
| Tipodoc (006$c Sirtex) |
LIB Libro |
| 942 ## - ELEMENTOS KOHA |
| Fuente de clasificaión o esquema |
Clasificación propia del CES |
| Koha [por defecto] tipo de item |
Monografías |
| Parte de clasificación |
Seguridad social |